Por un sentido cristiano de la vida social /
Colección:
San Jorge,
; núm. 16 (octubre 1954), pàg 17-18
Idioma:
Español
MARC
| LEADER | 00000naa a2200000 a 4500 | ||
|---|---|---|---|
| 003 | Arxiu | ||
| 005 | 20260324181039.0 | ||
| 008 | 160829s1954 spcaxx s spa c | ||
| 040 | |a AGDB | ||
| 100 | 1 | |a Saltor, Octavi, |d 1902-1982 |9 29621 | |
| 245 | |a Por un sentido cristiano de la vida social / |c por Octavio Saltor | ||
| 490 | |a San Jorge, |v núm. 16 (octubre 1954), pàg 17-18 | ||
| 650 | 0 | |a Caritat |9 31072 | |
| 650 | 0 | |a Altruisme |9 55069 | |
| 773 | |g Núm. 16 (octubre 1954), pàg 17-18 |t San Jorge. | ||
| 901 | |a Arxiu | ||
| 942 | |n 1 |2 udc |c ART | ||
| 952 | |0 0 |1 0 |4 0 |6 REV509 |7 1 |9 65021 |a Arxiu |b Arxiu |d 2023-01-11 |l 0 |o Rev-509 |r 2023-01-11 00:00:00 |w 2023-01-11 |y ARXIU |z També disponible a Rev-523 | ||
| 999 | |c 48808 |d 48808 | ||